| 000 | 00759nam a2200181Ia 4500 | ||
|---|---|---|---|
| 999 |
_c37803 _d37803 |
||
| 001 | 3780 | ||
| 003 | GE_BSU | ||
| 005 | 20190807174142.0 | ||
| 008 | 181216s1986||||ge |||||||||||||| ||geo|| | ||
| 040 | _cGE_BSU | ||
| 041 | _ageo | ||
| 080 | _a069(479.22) ს–32 | ||
| 245 | _aს. ჯანაშიას სახ. საქართველოს სახელმწიფო მუზეუმის მოამბე XXXVIII-В =Вестник госуд. музея Грузии им. акад. С.Н. Джанашиа XXXVIII. | ||
| 264 |
_aთბილისი : _bმეცნიერება, _c1986. |
||
| 300 |
_a310 გვ. : _bტაბ.; _c25 სმ. |
||
| 653 | _aსახელმწიფო მუზეუმი | ||
| 942 |
_cBK _2udc |
||